Genderová rovnost v evropské vědní politice: politická ekonomie strukturální změny

Problematika genderových vzťahov a rodovej rovnosti. Využitie ženského potenciálu či talentu vo vede. Kľúčové priority genderovej rovnosti v projektoch modernizácie univerzít a výskumných inštitúcií.

Guardado en:
Detalles Bibliográficos
Autor principal: Linková, Marcela
Formato: Capítulo de libro
Lenguaje:checo
Materias:
Etiquetas: Agregar Etiqueta
Sin Etiquetas, Sea el primero en etiquetar este registro!

MARC

LEADER 00000naa a2200000 4500
001 0147059
005 20230919105605.8
041 0 |a cze 
044 |a CZ 
245 1 0 |a Genderová rovnost v evropské vědní politice: politická ekonomie strukturální změny  |c Marcela Linková 
520 |a Problematika genderových vzťahov a rodovej rovnosti. Využitie ženského potenciálu či talentu vo vede. Kľúčové priority genderovej rovnosti v projektoch modernizácie univerzít a výskumných inštitúcií. 
610 2 0 |a vzťahy genderové 
610 2 0 |a nerovnosť rodová 
610 2 0 |a kapitál intelektuálny 
610 2 0 |a ženy 
610 2 0 |a aktivita spoločenská 
610 2 0 |a veda 
610 2 0 |a výskum 
610 2 0 |a univerzity 
610 2 0 |a školy vysoké 
610 2 0 |a spoločnosť vedomostná 
100 1 |a Linková, Marcela